Nauruan Superlatives - Statistics

General Stats
  • This quiz has been taken 51 times
  • The average score is 4 of 10
Answer Stats
Hint Data Answer % Correct
Most spoken Language almost everyone English
100%
Biggest (and only) island 21.10 km² Nauru
78%
Smallest District 0.5 km² Boe
34%
Biggest District 3.1 km² Anibare
28%
Biggest (and only) landlocked district 2.6 km² Buada
28%
Most Populated District 1,804 Inhabitants Denigomodu
28%
Biggest City 1,220 Inhabitants Yangor/Aiwo
22%
Least Populated District 178 Inhabitants Ijuw
19%
First President (after 1968) 1968-1976 Hammer DeRoburt
13%
President with the most office Periods 11 office periods as president Bernard Dowiyogo
6%
No matching quizzes found
Score Distribution
Percent of People with Each Score
Percentile by Number Answered
Your Score History
You have not taken this quiz